[Event "Irish Championship 2022"]
[Site "Dublin IRL"]
[Date "2022.07.08"]
[Round "7.4"]
[White "Daly, Colm"]
[Black "Baburin, Alexander"]
[Result "1/2-1/2"]
[WhiteTitle "FM"]
[BlackTitle "GM"]
[WhiteElo "2190"]
[BlackElo "2400"]
[WhiteICU "2189"]
[BlackICU "2360"]
[WhiteClub "Bray/Greystones"]
[BlackClub "Kilkenny"]
[WhiteNationality "IRL"]
[BlackNationality "IRL"]
[WhiteFideId "2500434"]
[BlackFideId "2500914"]
[PlyCount "154"]
[Venue "Talbot Hotel, Stillorgan"]
[EventDate "2022.07.02"]

{ Event information: <a href="../pairings_irlch2022.html">Tournament
report</a>. }

1. e4 c5 2. Nf3 g6 3. Be2 Bg7 4. O-O Nf6 5. d3 O-O 6. c3 Nc6 7. Nbd2 d5 8.
e5 Ne8 9. d4 cxd4 10. cxd4 Nc7 11. Re1 f6 12. exf6 exf6 13. Nb3 Qd6 14. Bd2
b6 15. Rc1 Bd7 16. a3 Rfe8 17. h3 Rac8 18. Rc3 Ne6 19. Ba6 Rcd8 20. Qc1 f5
21. Bb5 Nexd4 22. Nfxd4 Rxe1+ 23. Bxe1 Nxd4 24. Nxd4 Bxd4 25. Rd3 Qc5 $6 (
25... Bxf2+ $17) 26. Qd1 Bxb5 27. Rxd4 $10 Qe7 28. Rxd5 Rd7 29. Bb4 Qe6 30.
Rxd7 Bxd7 31. Bc3 Kf7 32. Qd4 h5 33. f3 Ke7 34. Qg7+ Qf7 35. Qe5+ Kd8 36.
Qb8+ Bc8 37. Qd6+ Bd7 38. Bf6+ Kc8 39. Be5 Kb7 40. Kh2 Ka6 41. h4 Qe6 42.
Qd4 Bc6 43. Kg3 Kb7 44. Bf4 Qe1+ 45. Kh3 Qh1+ 46. Bh2 f4 47. Qd6 a5 48.
Qxf4 Bd7+ 49. g4 Qf1+ 50. Kg3 Qe1+ 51. Kg2 Qe2+ 52. Kg3 Bc6 53. gxh5 gxh5
54. Qf7+ Ka6 55. Qxh5 Qxb2 56. Qf5 Qxa3 57. h5 Qe3 58. Qf6 Qe1+ 59. Kg4
Bd7+ 60. Kg5 Qd2+ 61. Bf4 Qg2+ 62. Kh6 Qxf3 63. Qe5 Qg4 64. Qb8 $2 (64. Qd6
$17) 64... Bc6 $2 (64... Qe6+ 65. Kg7 Qe7+ 66. Kh6 Qf6+ 67. Kh7 Qf7+ 68.
Kh6 Bg4 $19) 65. Qd6 Bf3 66. Qe5 a4 67. Bc1 Qxh5+ 68. Qxh5 Bxh5 69. Kxh5
$10 Kb5 70. Kg4 Kc4 71. Kf3 Kd3 72. Ba3 b5 73. Be7 Kc3 74. Ke2 Kb3 75. Kd2
a3 76. Kc1 b4 77. Kb1 Ka4 1/2-1/2

[Event "Irish Championship 2022"]
[Site "Dublin IRL"]
[Date "2022.07.08"]
[Round "7.7"]
[White "O'Connell, Gerard"]
[Black "Mats, Diana"]
[Result "0-1"]
[WhiteElo "2052"]
[BlackElo "2028"]
[WhiteICU "2003"]
[WhiteClub "St. Benildus"]
[WhiteNationality "IRL"]
[BlackNationality "UKR"]
[WhiteFideId "2500493"]
[BlackFideId "14138611"]
[PlyCount "52"]
[Venue "Talbot Hotel, Stillorgan"]
[EventDate "2022.07.02"]

{ Event information: <a href="../pairings_irlch2022.html">Tournament
report</a>. }

1. d4 Nf6 2. c4 e6 3. Nc3 Bb4 4. e3 d5 5. Bd3 O-O 6. Nf3 dxc4 7. Bxc4 c5 8.
O-O Nc6 9. a3 Bxc3 10. bxc3 b6 11. dxc5 bxc5 12. Qa4 Qc7 13. e4 Nxe4 14.
Bd3 Nd6 15. Bxh7+ Kxh7 16. Qh4+ Kg8 17. Ng5 Re8 18. Qh7+ Kf8 19. Qh8+ Ke7
20. Qxg7 Ba6 21. Nh7 $2 (21. Bf4 e5 22. Nxf7 $1 $14) (21. Nxf7 Bxf1 $1 $10
{ (only move) }) 21... Bxf1 $19 22. Bg5+ Kd7 23. Nf6+ Kc8 24. Nxe8 Nxe8 25.
Qf8 Bd3 26. Qxe8+ Kb7 0-1

[Event "Irish Championship 2022"]
[Site "Dublin IRL"]
[Date "2022.07.08"]
[Round "7.10"]
[White "Ivanov, Andrey"]
[Black "O'Gorman, Alice"]
[Result "1-0"]
[WhiteElo "1844"]
[BlackElo "2043"]
[WhiteICU "1805"]
[BlackICU "2075"]
[WhiteClub "Malahide"]
[BlackClub "Elm Mount"]
[WhiteNationality "IRL"]
[BlackNationality "IRL"]
[WhiteFideId "2514311"]
[BlackFideId "2508214"]
[PlyCount "51"]
[Venue "Talbot Hotel, Stillorgan"]
[EventDate "2022.07.02"]

{ Event information: <a href="../pairings_irlch2022.html">Tournament
report</a>. }

1. e4 e5 2. Nc3 Nf6 3. f4 d5 4. fxe5 Nxe4 5. Nf3 Bg4 6. Qe2 Nxc3 7. dxc3
Bc5 8. Bf4 O-O 9. O-O-O c6 10. h3 Be6 11. Ng5 Qb6 $2 (11... Nd7 $14) 12.
Qh5 Be3+ $2 (12... h6 $16) 13. Kb1 $18 h6 14. Nxe6 fxe6 15. Bxe3 Qxe3 16.
Qg6 Qg5 17. Qxe6+ Kh8 18. h4 Qf5 19. Qd6 Na6 20. Bd3 Qh5 21. g4 Qxg4 22.
Rhg1 Qh5 23. Rdf1 Rfd8 24. Qe7 Rg8 25. Rf7 Rge8 26. Rfxg7 1-0

[Event "Irish Championship 2022"]
[Site "Dublin IRL"]
[Date "2022.07.08"]
[Round "7.11"]
[White "Doyle, Tony"]
[Black "Fox, Anthony"]
[Result "0-1"]
[WhiteTitle "NM"]
[WhiteElo "2116"]
[BlackElo "1945"]
[WhiteICU "1906"]
[BlackICU "1928"]
[BlackClub "Dun Laoghaire"]
[WhiteNationality "IRL"]
[BlackNationality "IRL"]
[WhiteFideId "2500329"]
[BlackFideId "2500736"]
[PlyCount "46"]
[Venue "Talbot Hotel, Stillorgan"]
[EventDate "2022.07.02"]

{ Event information: <a href="../pairings_irlch2022.html">Tournament
report</a>. }

1. Nf3 d5 2. g3 Nf6 3. Bg2 c6 4. O-O Bg4 5. d4 e6 6. b3 Be7 7. Bb2 Nbd7 8.
Nbd2 O-O 9. c4 a5 10. a3 Qc7 11. Rc1 Qb8 12. h3 Bh5 13. Qe1 Re8 14. e4 Nxe4
15. Nxe4 dxe4 16. Qxe4 Bg6 17. Qe2 Bf6 18. Rfd1 Qc7 19. Ne5 Nxe5 20. dxe5
Be7 21. Qe3 Red8 22. Bf3 h6 23. Kg2 $4 Bg5 0-1

[Event "Irish Championship 2022"]
[Site "Dublin IRL"]
[Date "2022.07.09"]
[Round "8.6"]
[White "Venkatesan, Kavin"]
[Black "Ryan, Joe"]
[Result "0-1"]
[BlackTitle "FM"]
[WhiteElo "2076"]
[BlackElo "2270"]
[WhiteICU "2038"]
[BlackICU "2288"]
[WhiteClub "St. Benildus"]
[BlackClub "Valls ESP"]
[WhiteNationality "IRL"]
[BlackNationality "IRL"]
[WhiteFideId "2512602"]
[BlackFideId "2500426"]
[PlyCount "77"]
[Venue "Talbot Hotel, Stillorgan"]
[EventDate "2022.07.02"]

{ Event information: <a href="../pairings_irlch2022.html">Tournament
report</a>. }

1. d4 Nf6 2. c4 e6 3. Nc3 Bb4 4. a3 Bxc3+ 5. bxc3 c5 6. e3 b6 7. Bd3 Bb7 8.
f3 Nc6 9. Ne2 O-O 10. O-O Na5 11. e4 Ne8 12. f4 f5 13. Ng3 Nd6 14. d5 Ba6
15. Qc2 Bxc4 16. Bxc4 Naxc4 17. Rd1 fxe4 18. dxe6 dxe6 19. Nxe4 Qe7 20. Ng5
g6 21. Re1 Rf6 22. Ne4 Rf5 23. Ng5 Re8 24. Rxe6 Qd7 25. Rxe8+ Qxe8 26. Nf3
Qe4 27. Qxe4 Nxe4 28. Ra2 Rd5 29. Re2 Rd1+ 30. Re1 Rxe1+ 31. Nxe1 Nxc3 32.
Kf2 Na2 33. Nd3 Nxc1 34. Nxc1 Nxa3 35. Ke3 b5 36. Ke4 c4 37. Na2 a5 38. Ke3
b4 39. Kd4 0-1

[Event "Irish Championship 2022"]
[Site "Dublin IRL"]
[Date "2022.07.09"]
[Round "8.11"]
[White "O'Gorman, Alice"]
[Black "Murray, Sam"]
[Result "1-0"]
[WhiteElo "2043"]
[BlackElo "1624"]
[WhiteICU "2075"]
[BlackICU "1564"]
[WhiteClub "Elm Mount"]
[BlackClub "U.C.D."]
[WhiteNationality "IRL"]
[BlackNationality "IRL"]
[WhiteFideId "2508214"]
[BlackFideId "2508958"]
[PlyCount "61"]
[Venue "Talbot Hotel, Stillorgan"]
[EventDate "2022.07.02"]

{ Event information: <a href="../pairings_irlch2022.html">Tournament
report</a>. }

1. c4 e5 2. Nc3 Nf6 3. g3 Bb4 4. e4 O-O 5. Bg2 d6 6. d3 h6 7. Ne2 Bg4 8. h3
Bxe2 9. Qxe2 Nc6 10. O-O Nd4 11. Qd1 a5 12. Be3 Ne6 13. f4 Bc5 14. Qd2
Bxe3+ 15. Qxe3 Nd4 16. Rac1 c6 17. Rf2 Nh7 18. Rcf1 f5 19. fxe5 dxe5 20.
exf5 Qc7 21. Ne4 Nf6 22. g4 Nxe4 23. Bxe4 Rf6 24. h4 Raf8 25. g5 hxg5 26.
hxg5 Rd6 27. g6 Qe7 28. Rh2 Rfd8 29. Rh8+ Kxh8 30. Qh3+ Kg8 31. Qh7+ 1-0

[Event "Irish Championship 2022"]
[Site "Dublin IRL"]
[Date "2022.07.10"]
[Round "9.9"]
[White "O'Gorman, Alice"]
[Black "Fox, Anthony"]
[Result "1/2-1/2"]
[WhiteElo "2043"]
[BlackElo "1945"]
[WhiteICU "2075"]
[BlackICU "1928"]
[WhiteClub "Elm Mount"]
[BlackClub "Dun Laoghaire"]
[WhiteNationality "IRL"]
[BlackNationality "IRL"]
[WhiteFideId "2508214"]
[BlackFideId "2500736"]
[PlyCount "118"]
[Venue "Talbot Hotel, Stillorgan"]
[EventDate "2022.07.02"]

{ Event information: <a href="../pairings_irlch2022.html">Tournament
report</a>. }

1. c4 e6 2. Nc3 d5 3. d4 Nf6 4. cxd5 exd5 5. Bg5 c6 6. e3 Be7 7. Bd3 Nbd7
8. Qc2 h6 9. Bh4 Nh5 10. Bxe7 Qxe7 11. O-O-O Nb6 12. Kb1 Be6 13. Nf3 O-O-O
14. Ne5 Kb8 15. Qb3 Rc8 16. Rc1 Nf6 17. Be2 Ne4 18. Nxe4 dxe4 19. Qc2 Bd5
20. Bg4 Rc7 21. f3 exf3 22. gxf3 Rd8 23. e4 Be6 24. Bxe6 Qxe6 25. Qc3 f6
26. Nd3 Qd6 27. Nc5 Nd7 28. Nb3 Nb6 29. h4 Re7 30. h5 f5 31. Rhg1 fxe4 32.
fxe4 Qf4 33. Nc5 Nd7 34. Nxb7 Qxe4+ 35. Ka1 Kxb7 36. Rce1 $2 (36. Rge1 $1
$18 { with the idea that } 36... Qxe1 $2 ({ better } 36... Nb8 37. Qb4+ $18
) { loses to } 37. Qxc6+ Kb8 38. Qc7+ Ka8 39. Qxd8+ Kb7 40. Qc8+ Kb6 41.
Qc6+ Ka5 42. a3) 36... Qxe1+ 37. Rxe1 Rxe1+ 38. Qxe1 Nb6 39. Qb4 Rd7 40. a4
a5 41. Qxa5 Rxd4 42. b4 Rd1+ 43. Ka2 Rd2+ 44. Kb1 Rd4 45. b5 Rxa4 46. bxc6+
$2 (46. Qc3 $1 cxb5 47. Qxg7+ Ka6 48. Qxh6 $18 { (Syzygy tablebases). })
46... Kxc6 47. Qc3+ Kb5 48. Qxg7 Rb4+ $10 49. Kc1 Rc4+ 50. Kd2 Rc6 51. Kd3
Rd6+ 52. Ke4 Kc6 53. Kf5 Nd5 54. Qa7 Nb6 55. Qa2 Kd7 56. Ke5 Ke7 57. Qb3
Nd7+ 58. Kf5 Rf6+ 59. Kg4 Ne5+ 1/2-1/2